000 00352nam a2200133Ia 4500
008 191201s2018 xx 000 0 und d
082 _a615.19 RAT
100 _aRASTOGI, Sameer
245 0 _aText book of Pharmaceutical Chemistry
260 _bMackhingce Pub
_aNew Delhi
_c2018
300 _a210
650 _aPharmaceutical Chemistry
942 _2ddc
_cBK
999 _c8317
_d8317